000 00307 a2200145 4500
001 59885
020 _a857556742X
040 _cAnchieta - Pituba
100 _aAgostinho, Santo
240 1 0 _aSolilóquios
_lpor
245 1 0 _aSolilóquios
300 _a124
650 4 _aLiteratura devocional
942 _cBK
999 _c59885
_d59885